| 000 | 00513nam a2200157 a 4500 | ||
|---|---|---|---|
| 005 | 20140412111237.0 | ||
| 008 | 010418s19uu xx 00 eng d | ||
| 020 | _a971-630-004-2 | ||
| 050 |
_aFil 552.21 _bP37 1992 |
||
| 100 | _aPaterno, Maria Elena | ||
| 245 |
_aVolcanoes of the Philippines / _cMaria Elena Paterno ; introduction by Raymundo S. Punongbayan. |
||
| 260 |
_aPhilippines : _bTahanan Books for Young Readers, _c1992. |
||
| 300 | _a32p. ; ill. | ||
| 650 | _aVolcanoes-Philippines | ||
| 999 |
_c102509 _d102509 |
||